书目信息 |
| 题名: |
形状记忆合金结构加固技术研究与应用
|
|
| 作者: | 邓军 , 吴志刚 , 李俊辉 著 | |
| 分册: | ||
| 出版信息: | 北京 科学出版社 2024.11 |
|
| 页数: | 220页, [6] 页图版 | |
| 开本: | 24cm | |
| 丛书名: | ||
| 单 册: | ||
| 中图分类: | TU746.3 | |
| 科图分类: | ||
| 主题词: | 形状记忆合金--xing zhuang ji yi he jin--建筑结构--加固 | |
| 电子资源: | ||
| ISBN: | 978-7-03-079685-1 | |
| 000 | 01087nam0 2200253 450 | |
| 001 | 93580 | |
| 005 | 20250819105024.81 | |
| 010 | @a978-7-03-079685-1@dCNY128.00 | |
| 100 | @a20250114d2024 em y0chiy50 ea | |
| 101 | 0 | @achi |
| 102 | @aCN@b110000 | |
| 105 | @aaf z 000yy | |
| 106 | @ar | |
| 200 | 1 | @a形状记忆合金结构加固技术研究与应用@Axing zhuang ji yi he jin jie gou jia gu ji shu yan jiu yu ying yong@f邓军, 吴志刚, 李俊辉等著 |
| 210 | @a北京@c科学出版社@d2024.11 | |
| 215 | @a220页, [6] 页图版@c图 (部分彩图)@d24cm | |
| 330 | @a本书总结了作者团队对形状记忆合金 (SMA) 在土木工程加固领域中的大量试验和机理研究成果, 明晰了SMA的力学性能、形状记忆效应及其预应力损失与疲劳性能, 阐述了SMA加固结构的界面力学行为、加固构件的疲劳性能及协同工作机制, 通过试验和理论解析厘清了SMA加固技术的工程技术应用思路。 | |
| 606 | 0 | @a形状记忆合金@Axing zhuang ji yi he jin@x建筑结构@x加固 |
| 690 | @aTU746.3@v5 | |
| 701 | 0 | @a邓军@Adeng jun@4著 |
| 701 | 0 | @a吴志刚@Awu zhi gang@4著 |
| 701 | 0 | @a李俊辉@Ali jun hui@4著 |
| 801 | 0 | @aCN@c20250909 |
| 905 | @a河南城建学院图书馆@dTU746.3@eD285@f1 | |
| 形状记忆合金结构加固技术研究与应用/邓军, 吴志刚, 李俊辉等著.-北京:科学出版社,2024.11 |
| 220页, [6] 页图版:图 (部分彩图);24cm |
| ISBN 978-7-03-079685-1:CNY128.00 |
| 本书总结了作者团队对形状记忆合金 (SMA) 在土木工程加固领域中的大量试验和机理研究成果, 明晰了SMA的力学性能、形状记忆效应及其预应力损失与疲劳性能, 阐述了SMA加固结构的界面力学行为、加固构件的疲劳性能及协同工作机制, 通过试验和理论解析厘清了SMA加固技术的工程技术应用思路。 |
| ● |
| 相关链接 |
|
|
|
正题名:形状记忆合金结构加固技术研究与应用
索取号:TU746.3/D285
 
预约/预借
| 序号 | 登录号 | 条形码 | 馆藏地/架位号 | 状态 | 备注 |
| 1 | 1627538 | 216275386 | 建筑库201/201建筑库 41排1列4层/ [索取号:TU746.3/D285] | 在馆 |